000 00613nam a2200229Ia 4500
003 OSt
005 20220918225302.0
006 a|||||r|||| 00| 0
007 ta
008 220917b |||||||| |||| 00| 0 eng d
024 _a239,486
037 _cTextual
040 _aARTS
_cARTS
_beng
041 _2eng
_aeng
082 _aO111,3M28x, K8.5
100 _aMeredith George
245 0 _aRhoda fleming
_bA story
260 _aNew York
_bRussell and Russell USA
_c1968
650 _aENGLISH LITERATURE
942 _hO111,3M28x, K8.5
_cTEXL
_2CC
999 _c284208
_d284208